| 000 | 01773nam a2200481 c 4500 | ||
|---|---|---|---|
| 001 | 24971 | ||
| 003 | ES-MaCES | ||
| 005 | 20141221122935.0 | ||
| 008 | 130409s2012 sp d t o000 | spa d | ||
| 017 |
_aM 32397-2012 _bDL |
||
| 020 | _a9788489116962 | ||
| 035 | _aCES20130001955m | ||
| 040 |
_aES-MaCES _bspa _cES-MaCES |
||
| 100 | 1 |
_aRodríguez Álvarez, Vanesa _922278 |
|
| 245 | 1 | 0 |
_aDiscapacidad y mercado de trabajo _b: tres análisis empíricos con la muestra continua de vidas laborales _cVanesa Rodríguez Álvarez |
| 260 |
_aMadrid _bFundación de las Cajas de Ahorros (FUNCAS) _c[2012] |
||
| 300 |
_a281 p. _c24 cm |
||
| 490 | 1 |
_aEstudios de la Fundación _v61. Serie tesis |
|
| 500 | _aTesis doctoral presentada en la Universidad de Oviedo, Departamento de Economía Aplicada | ||
| 504 | _aBibliografía: p. 181-188 | ||
| 541 | _cCompra | ||
| 650 | 4 |
_atesis _928995 |
|
| 650 | 4 |
_aanálisis económico _927070 |
|
| 650 | 4 |
_amuestra _928855 |
|
| 650 | 4 |
_avida activa _929550 |
|
| 650 | 4 |
_aEspaña _926964 |
|
| 650 | 4 |
_aempleo _928299 |
|
| 650 | 4 |
_aprestaciones de invalidez _927036 |
|
| 650 | 4 |
_areserva de puestos especiales de trabajo _929695 |
|
| 650 | 4 |
_aempleo reservado _929337 |
|
| 650 | 4 |
_apolítica laboral _928290 |
|
| 650 | 4 |
_aintegración de las personas con discapacidad _929681 |
|
| 650 | 4 |
_atrabajador con discapacidad _928406 |
|
| 650 | 4 |
_amercado de trabajo _928292 |
|
| 650 | 4 |
_adiscapacidad _928688 |
|
| 653 | 1 | 0 | _aEmpleo |
| 710 | 2 |
_aUniversidad de Oviedo _95319 |
|
| 710 | 2 |
_aFundación de las Cajas de Ahorros _eed. _93800 |
|
| 830 | 0 |
_aEstudios de la Fundación de las Cajas de Ahorros _pSerie Tesis _v61 _934567 |
|
| 902 | _aLIB Libro | ||
| 942 |
_2CES _cBK _h2.1. |
||
| 999 |
_c24971 _d24971 |
||